Producción de flores cortadas IX región

Gorde:
Xehetasun bibliografikoak
Egile korporatiboa: Fundación para la Innovación Agraria (Egilea), FIA (Egilea), INIA (Egilea)
Formatua: Liburua
Hizkuntza:gaztelania
Argitaratua: Santiago FIA 2007
Santiago INIA 2007
Saila:Manuales FIA de Apoyo a la Formación de Recursos Humanos para la Innovación Agraria para Pequeños-as Productores-as de la Agricultura Familiar Campesina
Gaiak:
Sarrera elektronikoa:Disponible Online desde Biblioteca FIA
Etiketak: Etiketa erantsi
Etiketarik gabe, Izan zaitez lehena erregistro honi etiketa jartzen!

MARC

LEADER 00000nam a2200000 a 4500
001 UCI7825
003 CL-VaPUC
005 20241112124717.0
008 080725e20070000cl |||||||||||||||||spa|d
999 |c 330966  |d 330964 
020 |a 9789567874774 
040 |c Pontificia Universidad Católica de Valparaíso 
082 0 4 |a 635.966  |b FUN  |2 21 
110 2 |a Fundación para la Innovación Agraria  |e author  |9 531153 
245 1 0 |a Producción de flores cortadas IX región 
260 |a Santiago  |b FIA  |c 2007 
260 |a Santiago  |b INIA  |c 2007 
300 |a 104 p 
490 0 |a Manuales FIA de Apoyo a la Formación de Recursos Humanos para la Innovación Agraria para Pequeños-as Productores-as de la Agricultura Familiar Campesina 
500 |a Contiene un Cd-rom 
583 |a last modification  |c 20171011 01:51:56  |k Rodrigo Vera 
650 7 |a FLORES - CULTIVO  |2 CL-VaPUC  |9 531156 
650 0 |a Flores de corte  |9 469394 
650 7 |a PRODUCCION DE FLORES CORTADAS  |2 CL-VaPUC  |9 531157 
650 0 |a Aspectos ambientales   |9 258658 
651 7 |a REGION 09  |2 CL-VaPUC  |9 346574 
651 7 |a CHILE  |2 CL-VaPUC  |9 531158 
710 2 |a FIA  |e author  |9 531154 
710 2 |a INIA  |e author  |9 531155 
856 |u http://bibliotecadigital.fia.cl/handle/20.500.11944/2005  |y Disponible Online desde Biblioteca FIA 
942 |c BK  |2 ddc 
945 |d 20080725 00:00:00  |a jtorresc 
952 |0 0  |1 0  |4 0  |6 635_966000000000000_FUN_2007_2007  |7 0  |8 A  |9 416973  |a BIBAGR  |b BIBAGR  |d 2019-11-22  |i 4460170  |l 1  |o 635.966 FUN 2007 2007  |p 4460170  |r 2025-01-20  |s 2021-09-29  |w 2019-11-22  |y BK  |k AGR 
952 |0 0  |1 0  |4 0  |6 635_966000000000000_FUN_2007_2007  |7 0  |8 A  |9 416974  |a BIBAGR  |b BIBAGR  |d 2019-11-22  |i 4573625  |o 635.966 FUN 2007 2007  |p 4573625  |r 2025-01-20  |w 2019-11-22  |y BK  |k AGR 
952 |0 0  |1 0  |4 0  |6 635_966000000000000_FUN_2007_2007  |7 0  |8 A  |9 416975  |a BIBAGR  |b BIBAGR  |d 2019-11-22  |i 4573633  |o 635.966 FUN 2007 2007  |p 4573633  |r 2025-01-20  |w 2019-11-22  |y BK  |k AGR 
952 |0 0  |1 0  |4 0  |6 635_966000000000000_FUN_2007_2007  |7 0  |8 A  |9 416976  |a BIBAGR  |b BIBAGR  |d 2019-11-22  |i 4573641  |o 635.966 FUN 2007 2007  |p 4573641  |r 2025-01-20  |w 2019-11-22  |y BK  |k AGR 
952 |0 0  |1 0  |4 0  |6 635_966000000000000_FUN_2007_2007  |7 0  |8 A  |9 416977  |a BIBAGR  |b BIBAGR  |d 2019-11-22  |i 4635779  |o 635.966 FUN 2007 2007  |p 4635779  |r 2025-01-20  |w 2019-11-22  |y BK  |k AGR 
952 |0 0  |1 0  |4 0  |6 635_966000000000000_FUN_2007_2007  |7 0  |8 A  |9 416978  |a BIBAGR  |b BIBAGR  |d 2019-11-22  |i 4635787  |o 635.966 FUN 2007 2007  |p 4635787  |r 2025-01-20  |w 2019-11-22  |y BK  |k AGR